| 000 | 00749 a2200205 4500 | ||
|---|---|---|---|
| 020 | _a0130093351 | ||
| 020 | _a9780130093356 | ||
| 082 | 0 | 4 | _a515.353 |
| 090 |
_c181 _d181 |
||
| 100 | 1 | _aMcOwen, Robert. | |
| 245 | 1 | 0 |
_aPartial differential equations : _bmethods and applications / _cRobert McOwen. |
| 250 | _a2nd ed. | ||
| 260 |
_a[S.l.] : _bPrentice Hall, _c1996. |
||
| 300 |
_a452 p. ; _c23 cm. |
||
| 490 | 1 | _a2nd edition. | |
| 830 | _a2nd edi | ||
| 942 |
_aSNS _cBK _k515.353 MCO |
||
| 999 |
_c28819 _d28819 |
||